[Event "DEN-ch cand"]
[Site "Svendborg"]
[Date "2018.04.02"]
[Round "7"]
[White "Pedersen, Nicolai Kvist Brond"]
[Black "Stentebjerg Hansen, Per"]
[Result "1/2-1/2"]
[WhiteElo "2180"]
[BlackElo "2273"]
[PlyCount "140"]
[EventDate "2018.03.27"]
[EventType "swiss"]
[EventRounds "7"]
[EventCountry "DEN"]
[SourceTitle "EXT 2019"]
[Source "ChessBase"]
[SourceDate "2018.10.10"]
[SourceVersion "1"]
[SourceVersionDate "2018.10.10"]
[SourceQuality "1"]

1. d4 d5 2. c4 c6 3. Nf3 Nf6 4. Nc3 a6 5. e3 e6 6. b3 Bb4 7. Bd2 Nbd7 8. Bd3 c5 9. 0-0 0-0 10. Qc2 Re8 11. cxd5 exd5 12. a3 Ba5 13. Na4 Bxd2 14. Qxd2 c4 15. bxc4 dxc4 16. Bc2 b5 17. Nc3 Bb7 18. Rfe1 Ne4 19. Nxe4 Bxe4 20. Bxe4 Rxe4 21. Qc2 Re6 22. e4 Qc7 23. Rad1 a5 24. e5 b4 25. d5 Rb6 26. Ng5 Rg6 27. Nxf7 Kxf7 28. e6+ Kf8 29. exd7 Rd8 30. axb4 axb4 31. Qf5+ Rf6 32. Qe4 Qxd7 33. Qxc4 Qd6 34. Re3 Rf4 35. Re4 Rxe4 36. Qxe4 Kg8 37. Qd3 Rb8 38. Qb3 Rb5 39. h3 h6 40. Qc4 Rb8 41. Qb3 Ra8 42. Re1 Rd8 43. Rd1 Ra8 44. Qe3 Rd8 45. f4 Kh8 46. Kh2 Rb8 47. Qe5 Rd8 48. Qxd6 Rxd6 49. Kg3 b3 50. Kf3 b2 51. Ke4 Rb6 52. Rb1 Kg8 53. Kd4 Kf7 54. Kc5 Rb3 55. Kd6 Kf6 56. Kd7 Kf5 57. d6 Kxf4 58. Ke7 g5 59. d7 Re3+ 60. Kf7 Rd3 61. Ke7 Re3+ 62. Kf7 Rd3 63. Ke7 Re3+ 64. Kf7 Rd3 65. Ke7 Re3+ 66. Kd6 Rd3+ 67. Kc7 Rc3+ 68. Kb7 Rb3+ 69. Kc7 Rc3+ 70. Kb7 Ke5 1/2-1/2

[Event "DEN-ch cand"]
[Site "Svendborg"]
[Date "2018.03.30"]
[Round "4"]
[White "Kistrup, Nicolai"]
[Black "Pedersen, Nicolai Kvist Brond"]
[Result "1-0"]
[WhiteElo "2004"]
[BlackElo "2180"]
[PlyCount "53"]
[EventDate "2018.03.27"]
[EventType "swiss"]
[EventRounds "7"]
[EventCountry "DEN"]
[SourceTitle "EXT 2019"]
[Source "ChessBase"]
[SourceDate "2018.10.10"]
[SourceVersion "1"]
[SourceVersionDate "2018.10.10"]
[SourceQuality "1"]

1. d4 d5 2. c4 c6 3. Nf3 Nf6 4. Nc3 dxc4 5. a4 e6 6. e3 c5 7. Bxc4 Nc6 8. 0-0 cxd4 9. exd4 Be7 10. Qe2 0-0 11. Rd1 Nb4 12. Bg5 Bd7 13. d5 exd5 14. Nxd5 Nbxd5 15. Bxd5 Nxd5 16. Rxd5 Bxg5 17. Nxg5 h6 18. Qd2 hxg5 19. Rxd7 Qb6 20. a5 Qb5 21. Rd5 Qc4 22. Qxg5 Rac8 23. h4 f6 24. Qf5 Rfe8 25. Rad1 Qxh4 26. Rd7 Qc4 27. Qg6 1-0

[Event "DEN-ch cand"]
[Site "Svendborg"]
[Date "2018.03.29"]
[Round "3"]
[White "Pedersen, Nicolai Kvist Brond"]
[Black "Aabling Thomsen, Jakob"]
[Result "0-1"]
[WhiteElo "2180"]
[BlackElo "2360"]
[PlyCount "124"]
[EventDate "2018.03.27"]
[EventType "swiss"]
[EventRounds "7"]
[EventCountry "DEN"]
[SourceTitle "EXT 2019"]
[Source "ChessBase"]
[SourceDate "2018.10.10"]
[SourceVersion "1"]
[SourceVersionDate "2018.10.10"]
[SourceQuality "1"]

1. d4 g6 2. e4 Bg7 3. c4 d6 4. Nc3 Nf6 5. Nf3 0-0 6. h3 c5 7. d5 e6 8. Bd3 exd5 9. exd5 Re8+ 10. Be3 a6 11. 0-0 Nbd7 12. Bf4 Nh5 13. Bh2 Ne5 14. Nxe5 dxe5 15. Be2 Nf4 16. Bf3 f5 17. Bxf4 exf4 18. Re1 Rxe1+ 19. Qxe1 Qd6 20. Qe8+ Bf8 21. Re1 Rb8 22. Qe5 Bd7 23. Qxd6 Bxd6 24. a4 Kf7 25. Bd1 b6 26. Bc2 Kf6 27. Ra1 Ke5 28. Re1+ Kf6 29. Ra1 Ke7 30. Bd3 Be5 31. Kf1 Kd6 32. Ke2 g5 33. Kd2 h5 34. f3 Bd4 35. Kc2 Be5 36. a5 Bxc3 37. bxc3 bxa5 38. Rxa5 Bc8 39. Kc1 Ra8 40. Kd2 Bd7 41. Bc2 Kc7 42. Ra2 a5 43. Ba4 Bxa4 44. Rxa4 g4 45. hxg4 fxg4 46. fxg4 hxg4 47. Kd3 Kb6 48. Ke4 Rf8 49. Ra1 f3 50. gxf3 gxf3 51. Rf1 Kc7 52. Rf2 Kd6 53. Ke3 Ke5 54. Rf1 f2 55. Kd3 a4 56. Kc2 Ke4 57. Kb2 Ke3 58. Ka3 Ke2 59. Rxf2+ Kxf2 60. Kxa4 Rb8 61. d6 Ke3 62. d7 Kd3 0-1

[Event "DEN-ch cand"]
[Site "Svendborg"]
[Date "2018.03.28"]
[Round "2"]
[White "Pedersen, Nicolai Kvist Brond"]
[Black "Petersen, Steen Brustrup"]
[Result "1/2-1/2"]
[WhiteElo "2180"]
[BlackElo "2122"]
[PlyCount "88"]
[EventDate "2018.03.27"]
[EventType "swiss"]
[EventRounds "7"]
[EventCountry "DEN"]
[SourceTitle "EXT 2019"]
[Source "ChessBase"]
[SourceDate "2018.10.10"]
[SourceVersion "1"]
[SourceVersionDate "2018.10.10"]
[SourceQuality "1"]

1. c4 e5 2. e3 Nf6 3. Nc3 Nc6 4. a3 Be7 5. Nf3 0-0 6. d4 d6 7. Be2 a5 8. 0-0 Re8 9. d5 Nb8 10. c5 e4 11. cxd6 Bxd6 12. Nd4 c6 13. dxc6 bxc6 14. Qc2 Qe7 15. Rd1 Qe5 16. f4 exf3 17. Nxf3 Qe7 18. Na4 Bg4 19. Nb6 Ra7 20. Nc4 Bc5 21. Bd2 Nd5 22. Kh1 Bxe3 23. Nxe3 Nxe3 24. Bxe3 Qxe3 25. h3 Rae7 26. Ng5 Qxg5 27. Bxg4 h5 28. Bf3 h4 29. Qc4 Qg3 30. Rf1 Re1 31. Bh5 Rxa1 32. Qxf7+ Kh7 33. Rxa1 Re1+ 34. Rxe1 Qxe1+ 35. Kh2 Qe5+ 36. Kg1 Qe1+ 37. Qf1 Qe3+ 38. Kh1 Kh6 39. Bg4 c5 40. Qb5 Qe1+ 41. Kh2 Qg3+ 42. Kh1 Qe1+ 43. Kh2 Qg3+ 44. Kh1 Qe1+ 1/2-1/2

[Event "DEN-chT 1718 56th"]
[Site "Denmark"]
[Date "2018.03.10"]
[Round "8.4"]
[White "Pedersen, Nicolai Kvist Brond"]
[Black "Vinter Schou, Uffe"]
[Result "0-1"]
[WhiteElo "2180"]
[BlackElo "2336"]
[PlyCount "186"]
[EventDate "2017.11.18"]
[EventType "team-tourn"]
[EventRounds "9"]
[EventCountry "DEN"]
[SourceTitle "EXT 2019"]
[Source "ChessBase"]
[SourceDate "2018.10.10"]
[SourceVersion "1"]
[SourceVersionDate "2018.10.10"]
[SourceQuality "1"]
[WhiteTeam "BMS"]
[BlackTeam "Aarhus/Skolerne"]
[WhiteTeamCountry "DEN"]
[BlackTeamCountry "DEN"]

1. d4 Nf6 2. Nf3 c5 3. d5 g6 4. Nc3 Bg7 5. e4 0-0 6. Be2 d6 7. 0-0 Na6 8. Bf4 Nc7 9. a4 b6 10. Qd2 Bb7 11. Rfe1 a6 12. Bh6 Qd7 13. Bxg7 Kxg7 14. Bf1 b5 15. b3 b4 16. Nd1 e6 17. dxe6 Qxe6 18. Bd3 Rae8 19. Nb2 Qg4 20. h3 Qh5 21. Qf4 Ne6 22. Qxd6 Ng5 23. Nxg5 Qxg5 24. f3 Nh5 25. Qh2 Ng3 26. Kf2 Nh5 27. Nc4 Re7 28. Rad1 Qf6 29. Qd6 Qh4+ 30. g3 Qxh3 31. Rh1 Qe6 32. Qxe6 Rxe6 33. Na5 Ba8 34. Bc4 Re7 35. Bd5 Nf6 36. Bxa8 Rxa8 37. Rd6 Rd7 38. Rxd7 Nxd7 39. Rd1 Ra7 40. Rd6 h5 41. Nc4 Kf8 42. Nb6 Ke8 43. Ke3 Nf8 44. a5 Ne6 45. Na4 Ke7 46. Rd5 Rd7 47. f4 Rxd5 48. exd5 Nc7 49. Nxc5 Kd6 50. Kd4 Nb5+ 51. Kc4 Na3+ 52. Kxb4 Nxc2+ 53. Kc4 Ne3+ 54. Kd4 Nf5+ 55. Kc4 Nxg3 56. Nxa6 h4 57. Nc5 h3 58. Nd3 Ne4 59. a6 Kc7 60. d6+ Nxd6+ 61. Kd5 Nf5 62. Nf2 h2 63. Nh1 Ng7 64. Ke5 Nh5 65. b4 Kb6 66. b5 Ka7 67. Ke4 Nf6+ 68. Ke5 Nh5 69. Ke4 Kb6 70. Ke5 f6+ 71. Ke6 f5 72. Ke5 Ka7 73. Kd4 Nxf4 74. Ke3 Ne6 75. Kf3 Nd4+ 76. Kf4 Nxb5 77. Kg5 Kxa6 78. Kxg6 Nd6 79. Kg5 Kb5 80. Kf4 Kc4 81. Kg3 Kd3 82. Kxh2 Ne4 83. Kg2 Ke2 84. Kg1 Kf3 85. Kh2 Ke3 86. Kg2 Ke2 87. Kh3 Nf2+ 88. Kg3 Nxh1+ 89. Kf4 Ng3 90. Kxg3 Ke3 91. Kg2 f4 92. Kf1 Kf3 93. Kg1 Ke2 0-1